Statistics for South Carolina Cities With Passenger Airports

Click here to take the quiz!

General Stats

  • This quiz has been taken 46 times
  • The average score is 5 of 6

Answer Stats

HintAnswer% Correct
CHSCharleston
97%
MYRMyrtle Beach
97%
CAEColumbia
94%
FLOFlorence
94%
HHHHilton Head
85%
GSPGreenville
82%

Score Distribution

Percentile by Number Answered

Percent of People with Each Score

Your Score History

You have not taken this quiz